| 000 | 07490namaa22004451i 4500 | ||
|---|---|---|---|
| 003 | EG-GICUC | ||
| 005 | 20260426232834.0 | ||
| 008 | 260426s2025 ua a|||frm||| 000 0 eng d | ||
| 040 |
_aEG-GICUC _beng _cEG-GICUC _dEG-GICUC _erda |
||
| 041 | 0 |
_aeng _beng _bara |
|
| 049 | _aDeposit | ||
| 082 | 0 | 4 | _a618.45 |
| 092 |
_a618.45 _221 |
||
| 097 | _aM.Sc | ||
| 099 | _aCai01.11.15.M.Sc.2025.No.E | ||
| 100 | 0 |
_aNourhan Hazem Ahmed Ali Youssef, _epreparation. |
|
| 245 | 1 | 0 |
_aEffect of dexamethasone on labour induction in term pregnancies a randomized, _bcontrolled trial / _cBy Nourhan Hazem Ahmed Ali Youssef ; Supervised Prof. Dr. Ashraf Ahmed Eldaly, Prof. Dr. Ahmed Samir Sayed Ahmed Rashwan, Dr. Abdelfatah Eldesouky. |
| 246 | 1 | 5 | _aتأثير مادة الديكساميثازون علي تحريض المخاض في حالات الحمل كامل المدة تجربة عشوائية |
| 264 | 0 | _c2025. | |
| 300 |
_a67 +15 pages : _billustrations ; _c25 cm. + _eCD. |
||
| 336 |
_atext _2rda content |
||
| 337 |
_aUnmediated _2rdamedia |
||
| 338 |
_avolume _2rdacarrier |
||
| 502 | _aThesis (M.Sc)-Cairo University, 2025. | ||
| 504 | _aBibliography: pages 56-67. | ||
| 520 | 3 | _aIntroduction: Induction of labour is an essential obstetric intervention to reduce maternal and fetal risks when continuation of pregnancy may be harmful. Misoprostol is a widely accepted method for cervical ripening, while dexamethasone has recently gained attention for its potential role in enhancing the induction process. This study evaluated the efficacy and safety of dexamethasone, alone and in combination with misoprostol, for labour induction in term pregnancies. Methods: A randomized controlled trial was conducted at Kasr Al-Ainy Hospital, Cairo University, including 150 nulliparous women at ≥39 weeks’ gestation. Participants were equally randomized into three groups: Group A received intramuscular dexamethasone sodium phosphate 8 mg, Group B received vaginal misoprostol 25 μg every 6 hours (up to 4 doses), and Group C received a combination of both agents. The primary outcome was the interval from induction to the active phase of labour. Secondary outcomes included duration of labour stages, mode of delivery, and neonatal outcomes assessed by NICU admission. Results: Group C (combined therapy) had the shortest induction-to- active phase interval (11.9 hours) and active phase duration (6.3 hours), followed by Group B (13.9 and 7.5 hours), while Group A showed the longest durations (22.5 and 8.0 hours). Vaginal delivery rates were significantly higher in Groups B (70%) and C (76%) compared to Group A (10%). No significant differences were observed in the second stage duration (p=0.739) or NICU admissions (p=0.861). Conclusion: The combination of dexamethasone and misoprostol proved to be more effective than either agent alone, significantly reducing induction-to-labour time and increasing vaginal delivery rates without adverse neonatal outcomes. Dexamethasone alone was ineffective. Combined therapy appears to be a safe, promising method for induction, though larger multicenter trials are needed to optimize protocols and confirm consistency of results. | |
| 520 | 3 | _aمقدمة: يُعد تحريض المخاض إجراءً أساسيًا في طب التوليد للحد من المخاطر على الأم والجنين عندما يكون استمرار الحمل ضارًا. يُعد الميزوبروستول طريقة مقبولة على نطاق واسع لتليين عنق الرحم، بينما حظي الديكساميثازون باهتمام متزايد مؤخرًا لدوره المحتمل في تعزيز عملية تحريض المخاض. قيّمت هذه الدراسة فعالية وسلامة الديكساميثازون، بمفرده وبالاشتراك مع الميزوبروستول، لتحريض المخاض في حالات الحمل المكتملة. المنهجية: أُجريت تجربة عشوائية مضبوطة في مستشفى قصر العيني جامعة القاهرة، شملت 150 امرأة بكرية في الأسبوع 39 من الحمل أو أكثر. تم توزيع المشاركين عشوائيًا بالتساوي على ثلاث مجموعات: تلقت المجموعة (أ) 8 ملغ من فوسفات ديكساميثازون الصوديوم عن طريق الحقن العضلي، وتلقت المجموعة (ب) 25 ميكروغرام من ميزوبروستول عن طريق المهبل كل 6 ساعات (حتى 4 جرعات)، وتلقت المجموعة (ج) مزيجًا من كلا الدواءين. كانت النتيجة الأولية هي الفترة الزمنية من بدء التحريض إلى المرحلة النشطة من المخاض. وشملت النتائج الثانوية مدة مراحل المخاض، وطريقة الولادة، ونتائج حديثي الولادة التي تم تقييمها من خلال القبول في وحدة العناية المركزة لحديثي الولادة. النتائج: سجلت المجموعة (ج) (العلاج المركب) أقصر فترة زمنية من بدء التحريض إلى المرحلة النشطة (11.9 ساعة) وأقصر مدة للمرحلة النشطة (6.3 ساعة)، تليها المجموعة (ب) (13.9 و7.5 ساعة)، بينما سجلت المجموعة (أ) أطول مدة (22.5 و8.0 ساعة). كانت معدلات الولادة المهبلية أعلى بشكل ملحوظ في المجموعتين ب (70%) وج (76%) مقارنةً بالمجموعة أ (10%). لم تُلاحظ فروق ذات دلالة إحصائية في مدة المرحلة الثانية من المخاض (قيمة p = 0.739) أو في حالات دخول وحدة العناية المركزة لحديثي الولادة (قيمة p = 0.861). الخلاصة: أثبت الجمع بين ديكساميثازون وميزوبروستول فعاليته بشكل أكبر من استخدام أي منهما على حدة، حيث قلل بشكل ملحوظ من الوقت اللازم لبدء المخاض وزاد من معدلات الولادة المهبلية دون أي آثار سلبية على حديثي الولادة. لم يكن ديكساميثازون وحده فعالاً. يبدو أن العلاج المركب طريقة آمنة وواعدة لتحفيز المخاض، على الرغم من الحاجة إلى تجارب سريرية متعددة المراكز أكبر حجماً لتحسين البروتوكولات وتأكيد اتساق النتائج. | |
| 530 | _aIssues also as CD. | ||
| 546 | _aText in English and abstract in Arabic & English. | ||
| 650 | 0 | _aLabor, Induced | |
| 650 | 0 | _a المخاض المحفز | |
| 653 | 1 |
_aInduction of labor _aDexamethasone _aMisoprostol _aVaginal delivery _aCesarean section _aNeonatal outcome |
|
| 700 | 0 |
_aAshraf Ahmed Eldaly _ethesis advisor. |
|
| 700 | 0 |
_aAhmed Samir Sayed Ahmed Rashwan _ethesis advisor. |
|
| 700 | 0 |
_aAbdelfatah Eldesouky _ethesis advisor. |
|
| 900 |
_b01-01-2025 _cAshraf Ahmed Eldaly _cAhmed Samir Sayed Ahmed Rashwan _cAbdelfatah Eldesouky _UCairo University _FFaculty of Medicine _DDepartment of Obstetrics & Gynecology |
||
| 905 | _aShimaa | ||
| 942 |
_2ddc _cTH _e21 _n0 |
||
| 999 | _c179749 | ||